000 00644nam a2200205 i 4500
001 115411
003 ES-MaACL
005 20260429201017.0
007 t|
008 070308s1931 sp ||||1| spa d
080 _a821.133.1-22"17"
100 _aBeaumarchais, Pierre Augustin Caron de,
_d1732-1799
_9239070
245 1 3 _aEl barbero de Sevilla
_b: comedia en cuatro actos /
_cP.A. Caron de Beaumarchais.
260 _aMadrid :
_bPrensa Moderna,
_c1931.
300 _a48 p. ;
_c17 cm.
490 1 _aEl Teatro moderno ;
_v313
830 0 3 _aEl teatro moderno (Prensa Moderna)
_v313
_9182365
852 _aES-MaACL
_jC-13151
999 _c115411
_d115411